Gaming Quiz

Random Gaming or Famous Quiz

Game and Toy Patent Prints Quiz Stats

 Plays Quiz Updated Oct 19, 2018

Score 0/15 Timer 03:00
5 Plays Today
% Correct
Yo-Yo
95.7%
Slinky
95.5%
Monopoly
95.2%
Mr. Potato Head
94.4%
Twister
93.6%
Hula Hoop
93%
Barbie
91.9%
LEGO Bricks
91%
% Correct
Game Boy
88.3%
Furby
86.7%
Rubik's Cube
84.9%
Etch A Sketch
77.8%
Simon
76.9%
Lincoln Logs
75.6%
Frisbee
70.6%

You're not logged in!

Compare scores with friends on all Sporcle quizzes.
OR
Log In

Sporcle TV

Today on Sporcle TV


Watch our educational content, quiz creation guides, and fun videos on Sporcle TV.

Show Comments

Extras

Top Quizzes Today


Score Distribution

Your Account Isn't Verified!

In order to create a playlist on Sporcle, you need to verify the email address you used during registration. Go to your Sporcle Settings to finish the process.

Report this User

Report this user for behavior that violates our Community Guidelines.

Details: